| 000 | 00527cam a2200145 4500500 | ||
|---|---|---|---|
| 005 | 20260329001826.0 | ||
| 041 | _afre | ||
| 042 | _adc | ||
| 100 | 1 | 0 |
_aRibereau-Gayon, Philippe _eauthor |
| 245 | 0 | 0 | _aThibaut Giraud, La parole aux machines Philosophie des grands modèles de langage. Grasset, 2025, 480 páginas, 25 euros. |
| 260 | _c2026. | ||
| 500 | _a11 | ||
| 786 | 0 | _nÉtudes | 4335 | 3 | 2026-02-25 | p. 123a-124 | |
| 856 | 4 | 1 | _uhttps://shs.cairn.info/revista-etudes-2026-3-page-123a?lang=es&redirect-ssocas=7080 |
| 999 |
_c1809024 _d1809024 |
||